Rozpoznávanie evidenčných čísiel automobilov na parkoviskách pomocou hĺbkového učenia

Enregistré dans:
Détails bibliographiques
Auteur principal: Kročka, Michael (Auteur)
Autres auteurs: Dakić, Pavle (Directeur de thèse)
Format: Manuscrit Livre
Langue:slovaque
anglais
Publié: 2022
Sujets:
Accès en ligne:http://is.stuba.sk/zp/portal_zp.pl?podrobnosti=163859
Tags: Ajouter un tag
Pas de tags, Soyez le premier à ajouter un tag!

MARC

LEADER 00000ntm a22000003a 4500
001 stuzp90722
003 SK-STU
005 20220618212146.7
007 ta
008 150427s2015----xo-----f-mn---000-0-slo-d
040 |a STU  |b slo 
041 0 |a eng 
100 1 |a Kročka, Michael  |u 070200  |4 aut  |U FIIT Fakulta informatiky a informačných technológií  |T FIIT Ústav informatiky, informačných systémov a softvérového inžinierstva  |X 92064  |U I200  |Y 179  |7 92064 
242 0 1 |a Rozpoznávanie evidenčných čísiel automobilov na parkoviskách pomocou hĺbkového učenia  |y slo 
245 1 0 |a Rozpoznávanie evidenčných čísiel automobilov na parkoviskách pomocou hĺbkového učenia 
260 |c 2022 
650 4 |a hlboké učenie  |2 slo 
650 4 |a konvolučná neurónová sieť  |2 slo 
650 4 |a automatické rozpoznávanie evidenčných čísel automobilov  |2 slo 
650 4 |a automatic license plate recognition  |2 eng 
650 4 |a deep learning  |2 eng 
650 4 |a convolutional neural network  |2 eng 
700 1 |a Dakić, Pavle  |u 070200  |k Z3  |4 ths  |U FIIT Fakulta informatiky a informačných technológií  |T FIIT Ústav informatiky, informačných systémov a softvérového inžinierstva  |X 108381  |U I200  |Y 179  |7 108381 
856 4 |u http://is.stuba.sk/zp/portal_zp.pl?podrobnosti=163859